Flags for Initial Letters - A - Statistics

General Stats
  • This quiz has been taken 26 times
  • The average score is 10 of 11
Answer Stats
Picture Answer % Correct
Argentina
100%
Australia
100%
Albania
96%
Austria
96%
Algeria
92%
Andorra
92%
Antigua and Barbuda
92%
Armenia
92%
Angola
88%
Azerbaijan
88%
Afghanistan
84%
No matching quizzes found
Score Distribution
Percent of People with Each Score
Percentile by Number Answered
Your Score History
You have not taken this quiz